<?xml version="1.0" encoding="UTF-8"?>
<record
    xmlns:xsi="http://www.w3.org/2001/XMLSchema-instance"
    xsi:schemaLocation="http://www.loc.gov/MARC21/slim http://www.loc.gov/standards/marcxml/schema/MARC21slim.xsd"
    xmlns="http://www.loc.gov/MARC21/slim">

  <leader>00205nam a2200085   4500</leader>
  <controlfield tag="001">1258744</controlfield>
  <controlfield tag="005">20260326105000.0</controlfield>
  <datafield tag="245" ind1=" " ind2=" ">
    <subfield code="a">KA&#x15E;&#x130;F &#xC7;ELEB&#x130;    YARIM HAR&#x130;TA</subfield>
    <subfield code="c">AL&#x130; S&#xD6;YLER</subfield>
  </datafield>
  <datafield tag="260" ind1=" " ind2=" ">
    <subfield code="b">SEMERKAND &#xC7;OCUK</subfield>
  </datafield>
  <datafield tag="999" ind1=" " ind2=" ">
    <subfield code="c">1258744</subfield>
    <subfield code="d">1258744</subfield>
  </datafield>
  <datafield tag="952" ind1=" " ind2=" ">
    <subfield code="0">0</subfield>
    <subfield code="1">0</subfield>
    <subfield code="2">ddc</subfield>
    <subfield code="4">0</subfield>
    <subfield code="7">0</subfield>
    <subfield code="a">1062</subfield>
    <subfield code="b">1062</subfield>
    <subfield code="d">2026-03-26</subfield>
    <subfield code="l">0</subfield>
    <subfield code="o">L3</subfield>
    <subfield code="p">10629417</subfield>
    <subfield code="r">2026-03-26 10:50:14</subfield>
    <subfield code="w">2026-03-26</subfield>
    <subfield code="y">BK</subfield>
  </datafield>
</record>
